| 000 | 01723nam a2200217Ia 4500 | ||
|---|---|---|---|
| 001 | 18734 | ||
| 003 | GE_BSU | ||
| 008 | 181216s||||||||xx |||||||||||||| ||und|| | ||
| 040 | _cGE_BSU | ||
| 245 | _aგადასახადები.№6,ივნისი 2016. | ||
| 245 | _bოფიციალური დოკუმენტები,დაბეგვრის თეორია და მეთოდოლოგია,დაბეგვრის პრაქტიკა,ფინანსები,აღრიცხვა და აუდიტი,ცვლილებები საფადასახადო და საბაჟო კანონმდებლობაში კომენტარებით, კითხვა-პასუხები. | ||
| 245 | _cმთ.რედ.დავით ჯალაღონია,რედ.მადონა გელაშვილი. | ||
| 260 | _bშპს ბიზნეს ინტელექტი | ||
| 260 | _c2016 | ||
| 300 | _a56გვ;29სმ. | ||
| 653 | _aგადასახადები | ||
| 653 | _aეკონომიკა | ||
| 653 | _aოფიციალური დოკუმენტები,დაბეგვრის თეორია და მეთოდოლოგია,დაბეგვრის პრაქტიკა,ფინანსები,აღრიცხვა და აუდიტი,ცვლილებები საფადასახადო და საბაჟო კანონმდებლობაში კომენტარებით, კითხვა-პასუხები. | ||
| 653 | _aპერიოდიკა | ||
| 942 | _cCR | ||
| 999 |
_c51742 _d51742 |
||